[Event "Titled Tuesday intern op 27th Apr"]
[Site "Chess.com INT"]
[Date "2021.04.27"]
[Round "9"]
[White "Wu, Christopher"]
[Black "Hernandez Jimenez, Alexander Andres"]
[Result "1-0"]
[WhiteElo "2347"]
[BlackElo "2132"]
[PlyCount "79"]
[EventDate "2021.04.27"]
[EventType "swiss (blitz)"]
[EventRounds "11"]
[EventCountry "USA"]
[SourceTitle "CBM 202 Extra"]
[Source "ChessBase"]
[SourceDate "2021.07.31"]
[SourceVersion "1"]
[SourceVersionDate "2021.07.31"]
[SourceQuality "1"]

1. e4 c5 2. Nf3 d6 3. d4 cxd4 4. Nxd4 Nf6 5. Nc3 a6 6. h3 e5 7. Nb3 Be6 8. f4 exf4 9. Bxf4 Nc6 10. Qd2 Be7 11. 0-0-0 Kf8 12. Bxd6 Bxd6 13. Qxd6+ Qxd6 14. Rxd6 Ke7 15. Rd2 Rhd8 16. Be2 b6 17. Rhd1 a5 18. Nd5+ Bxd5 19. exd5 Nb4 20. d6+ Kf8 21. a3 Na6 22. Bb5 Nb8 23. g4 Nbd7 24. g5 Ne4 25. Re2 Nxg5 26. Nd4 Nc5 27. Nc6 Nge4 28. Nxd8 Rxd8 29. b4 Rxd6 30. Rxd6 Nxd6 31. bxc5 Nxb5 32. cxb6 Nd6 33. Rd2 Ke7 34. c4 Nb7 35. Kc2 f5 36. Kb3 g5 37. Ka4 f4 38. Kb5 h5 39. Kc6 g4 40. hxg4 1-0

[Event "Titled Tuesday intern op 27th Oct"]
[Site "Chess.com INT"]
[Date "2020.10.27"]
[Round "6"]
[White "Demin, Vladimir"]
[Black "Wu, Christopher"]
[Result "0-1"]
[WhiteElo "2430"]
[BlackElo "2347"]
[PlyCount "98"]
[EventDate "2020.10.27"]
[EventType "swiss (blitz)"]
[EventRounds "11"]
[EventCountry "USA"]
[SourceTitle "CBM 199 Extra"]
[Source "ChessBase"]
[SourceDate "2021.01.31"]
[SourceVersion "1"]
[SourceVersionDate "2021.01.31"]
[SourceQuality "1"]

1. e4 c5 2. Nf3 d6 3. d4 cxd4 4. Qxd4 a6 5. Be3 Nc6 6. Qd2 Nf6 7. Nc3 g6 8. 0-0-0 Bg7 9. e5 dxe5 10. Qxd8+ Nxd8 11. Nxe5 0-0 12. Be2 h5 13. h3 Nh7 14. Nc4 b5 15. Nb6 Rb8 16. Ncd5 Nc6 17. Nxc8 Rbxc8 18. Kb1 e6 19. Nb6 Rc7 20. Bc5 Re8 21. Bf3 Ne5 22. Bd6 Ra7 23. Bxe5 Bxe5 24. Bc6 Ree7 25. Nc8 Nf6 26. Nxe7+ Rxe7 27. Rd8+ Kg7 28. Ra8 Bd4 29. f3 Ba7 30. Rd1 Rc7 31. c3 h4 32. Be4 g5 33. Bc2 Nd5 34. Be4 Ne3 35. Rdd8 Nxg2 36. Rdc8 Rd7 37. Rd8 Rc7 38. Rac8 Re7 39. Rg8+ Kf6 40. Rh8 Nf4 41. Rcg8 Nxh3 42. f4 Nxf4 43. Bf3 Kf5 44. Bd1 e5 45. Kc2 e4 46. Bh5 e3 47. Kd1 e2+ 48. Bxe2 Nxe2 49. Rf8 Nf4 0-1

[Event "Titled Tuesday intern op 27th Oct"]
[Site "Chess.com INT"]
[Date "2020.10.27"]
[Round "2"]
[White "Wu, Christopher"]
[Black "Kobo, Ori"]
[Result "0-1"]
[WhiteElo "2347"]
[BlackElo "2460"]
[PlyCount "72"]
[EventDate "2020.10.27"]
[EventType "swiss (blitz)"]
[EventRounds "11"]
[EventCountry "USA"]
[SourceTitle "CBM 199 Extra"]
[Source "ChessBase"]
[SourceDate "2021.01.31"]
[SourceVersion "1"]
[SourceVersionDate "2021.01.31"]
[SourceQuality "1"]

1. d4 Nf6 2. c4 e6 3. Nf3 Bb4+ 4. Bd2 a5 5. g3 d5 6. Bg2 0-0 7. 0-0 dxc4 8. Qc2 b5 9. a4 c6 10. axb5 Bxd2 11. Nbxd2 cxb5 12. Ne5 Ra6 13. e3 Qb6 14. b3 cxb3 15. Nxb3 Nbd7 16. Nc6 Bb7 17. Nbxa5 Ba8 18. Rfb1 Nd5 19. Bxd5 exd5 20. Ne7+ Kh8 21. Nb3 g6 22. Rxa6 Qxa6 23. Qc7 Qe6 24. Nc8 Nf6 25. Nd6 Qh3 26. Nd2 Kg8 27. Rxb5 Kg7 28. Rb8 Rxb8 29. Qxb8 Bc6 30. Qc7 Bd7 31. Qd8 Qe6 32. Qc7 h5 33. Nb7 h4 34. Nc5 Qg4 35. Qe5 Qd1+ 36. Nf1 Bh3 0-1

[Event "Titled Tuesday intern op 27th Oct"]
[Site "Chess.com INT"]
[Date "2020.10.27"]
[Round "9"]
[White "Wu, Christopher"]
[Black "Mohammad, Nubairshah Shaikh"]
[Result "1-0"]
[WhiteElo "2347"]
[BlackElo "2445"]
[PlyCount "153"]
[EventDate "2020.10.27"]
[EventType "swiss (blitz)"]
[EventRounds "11"]
[EventCountry "USA"]
[SourceTitle "CBM 199 Extra"]
[Source "ChessBase"]
[SourceDate "2021.01.31"]
[SourceVersion "1"]
[SourceVersionDate "2021.01.31"]
[SourceQuality "1"]

1. d4 Nf6 2. Nf3 g6 3. c4 Bg7 4. g3 0-0 5. Bg2 c6 6. 0-0 d6 7. Nc3 Nbd7 8. b3 e5 9. Ba3 exd4 10. Nxd4 Nc5 11. e3 Qa5 12. Bb2 Bg4 13. Qc2 Rad8 14. h3 Bc8 15. Kh2 h5 16. Rfd1 Qc7 17. b4 Ne6 18. Nce2 Rfe8 19. a3 Nxd4 20. Bxd4 Bf5 21. Qb2 Qe7 22. Nf4 g5 23. Ne2 c5 24. Bc3 b6 25. Rac1 Bg6 26. Rd2 Kh7 27. Rcd1 Rg8 28. a4 Be4 29. Bxf6 Bxf6 30. Bxe4+ Kh6 31. Qc2 cxb4 32. Nd4 Bxd4 33. Rxd4 Qf6 34. Qd2 Rge8 35. Bg2 Re6 36. f4 h4 37. g4 Kg7 38. Qxb4 Rxe3 39. Qb5 gxf4 40. Qf5 f3 41. Qxf6+ Kxf6 42. Rf4+ Ke5 43. Rxf3 Rxf3 44. Bxf3 Rc8 45. Bd5 Rc7 46. Rf1 f6 47. Rf5+ Kd4 48. Rxf6 Re7 49. Re6 Rd7 50. g5 a6 51. Re4+ Kc5 52. g6 b5 53. axb5 axb5 54. Bf7 bxc4 55. g7 d5 56. g8Q dxe4 57. Qc8+ Kd6 58. Qxc4 Re7 59. Bh5 e3 60. Qxh4 e2 61. Qd4+ Kc7 62. Qc4+ Kd6 63. Bxe2 Re5 64. Bf3 Ke7 65. Qc7+ Kf6 66. Bg4 Rd5 67. Qc6+ Ke5 68. Qe6+ Kd4 69. h4 Re5 70. Qd6+ Ke4 71. h5 Rg5 72. Qg6+ Kf4 73. Bh3 Re5 74. Qf6+ Ke4 75. h6 Kd5 76. Qxe5+ Kxe5 77. h7 1-0

[Event "Titled Tuesday intern op 27th Oct"]
[Site "Chess.com INT"]
[Date "2020.10.27"]
[Round "5"]
[White "Wu, Christopher"]
[Black "Wieczorek, Oskar"]
[Result "0-1"]
[WhiteElo "2347"]
[BlackElo "2498"]
[PlyCount "76"]
[EventDate "2020.10.27"]
[EventType "swiss (blitz)"]
[EventRounds "11"]
[EventCountry "USA"]
[SourceTitle "CBM 199 Extra"]
[Source "ChessBase"]
[SourceDate "2021.01.31"]
[SourceVersion "1"]
[SourceVersionDate "2021.01.31"]
[SourceQuality "1"]

1. d4 Nf6 2. c4 c5 3. d5 b5 4. cxb5 a6 5. bxa6 Bxa6 6. Nc3 g6 7. Nf3 d6 8. e4 Bxf1 9. Kxf1 Qc8 10. Qe2 Bg7 11. h3 0-0 12. g3 Nbd7 13. Kg2 Qa6 14. Qxa6 Rxa6 15. Be3 Rb8 16. Rab1 Ne8 17. Rhc1 Nc7 18. a4 Nb6 19. b3 Bxc3 20. Rxc3 Nxa4 21. Rc2 Rab6 22. Nd2 Rb4 23. Ra1 Nb6 24. Ra7 Nb5 25. Rxe7 Kg7 26. h4 h6 27. Rxc5 dxc5 28. Bxc5 Rd4 29. Bxd4+ Nxd4 30. f4 Nb5 31. Nc4 Kf8 32. d6 Nxd6 33. Rc7 Nbxc4 34. bxc4 Nxe4 35. Kf3 f5 36. Rh7 Rb3+ 37. Ke2 Rxg3 38. Rxh6 Kg7 0-1

[Event "Titled Tuesday intern op 20th Oct"]
[Site "Chess.com INT"]
[Date "2020.10.20"]
[Round "10"]
[White "Wu, Christopher"]
[Black "Kovalev, Denis"]
[Result "0-1"]
[WhiteElo "2347"]
[BlackElo "2487"]
[PlyCount "118"]
[EventDate "2020.10.20"]
[EventType "swiss (blitz)"]
[EventRounds "11"]
[EventCountry "USA"]
[SourceTitle "EXT 2022"]
[Source "ChessBase"]
[SourceDate "2021.10.06"]
[SourceVersion "1"]
[SourceVersionDate "2021.10.06"]
[SourceQuality "1"]

1. d4 Nf6 2. c4 c6 3. Nf3 d5 4. g3 Bf5 5. Bg2 e6 6. 0-0 Nbd7 7. Nc3 h6 8. Bf4 dxc4 9. Rc1 Nd5 10. Re1 b5 11. e4 Nxc3 12. bxc3 Bg4 13. d5 Nc5 14. h3 Bxf3 15. Qxf3 Nd3 16. dxe6 fxe6 17. Qh5+ Kd7 18. Red1 Qf6 19. e5 Qf5 20. Qe2 Kc7 21. Qf3 Rc8 22. Qxc6+ Kd8 23. Qb7 Rc7 24. Qb8+ Rc8 25. Qb7 Rc7 26. Qb8+ Rc8 27. Qxb5 Bc5 28. Kh2 Bxf2 29. Rb1 g5 30. Qa5+ Ke8 31. Qa6 Kf7 32. Rb7+ Kg6 33. Bc1 Qxe5 34. Re7 Rhe8 35. Rxe8 Rxe8 36. Rxd3 cxd3 37. Qxd3+ Kg7 38. c4 Re7 39. Bd2 Bd4 40. Qf3 Rf7 41. Qg4 Rf2 42. Bb4 Bc5 43. Bxc5 Qxc5 44. Qxe6 Qd4 45. Qe7+ Rf7 46. Qe6 Qc5 47. Qe4 a5 48. Qe6 a4 49. Qe4 a3 50. Qd3 Rf2 51. Qc3+ Kg6 52. Qd3+ Kf6 53. Qd8+ Ke5 54. Qe8+ Kd4 55. Qd7+ Kc3 56. Qe6 Kb2 57. Qe4 Kxa2 58. Qd3 Kb2 59. Qd1 a2 0-1